Dios en la historia del pensamiento filosófico / (Registro nro. 1789)
[ vista simple ]
| 000 -LEADER | |
|---|---|
| fixed length control field | 01239cam a2200361 i 4500 |
| 001 - CONTROL NUMBER | |
| control field | 1789 |
| 003 - CONTROL NUMBER IDENTIFIER | |
| control field | Mx-PuUPA |
| 005 - DATE AND TIME OF LATEST TRANSACTION | |
| control field | 20250630084114.0 |
| 008 - FIXED-LENGTH DATA ELEMENTS--GENERAL INFORMATION | |
| fixed length control field | 140415s2006 sp gr 000 0 spa d |
| 017 ## - COPYRIGHT OR LEGAL DEPOSIT NUMBER | |
| Copyright or legal deposit number | S. 1275-2006 |
| 020 ## - INTERNATIONAL STANDARD BOOK NUMBER | |
| International Standard Book Number | 8430116230 |
| 040 ## - CATALOGING SOURCE | |
| Original cataloging agency | Mx-PuUPA |
| Language of cataloging | spa |
| Transcribing agency | Mx-PuUPA |
| Modifying agency | Mx-PuUPA |
| Description conventions | rda |
| 041 1# - LANGUAGE CODE | |
| Language code of text/sound track or separate title | spa |
| Language code of original | ger |
| 100 1# - MAIN ENTRY--PERSONAL NAME | |
| Personal name | Coreth, Emerich, |
| Dates associated with a name | 1919-2006 |
| Relator term | autor |
| 9 (RLIN) | 4863 |
| 240 10 - UNIFORM TITLE | |
| Uniform title | Gott im philsophischen Denken. |
| Language of a work | Español |
| 245 10 - TITLE STATEMENT | |
| Title | Dios en la historia del pensamiento filosófico / |
| Statement of responsibility, etc. | Emerich Coreth ; traducción de Constantino Ruiz-Garrido |
| 264 #1 - PRODUCTION, PUBLICATION, DISTRIBUTION, MANUFACTURE, AND COPYRIGHT NOTICE | |
| Place of production, publication, distribution, manufacture | Salamanca, España : |
| Name of producer, publisher, distributor, manufacturer | Ediciones Sígueme, |
| Date of production, publication, distribution, manufacture, or copyright notice | 2006 |
| 300 ## - PHYSICAL DESCRIPTION | |
| Extent | 396 páginas ; |
| Dimensions | 21 cm |
| 336 ## - CONTENT TYPE | |
| Fuente | rdacontent |
| Content type term | texto |
| Content type code | txt |
| 337 ## - MEDIA TYPE | |
| Source | rdamedia |
| Media type term | sin medio |
| Media type code | n |
| 338 ## - CARRIER TYPE | |
| Source | rdacarrier |
| Carrier type term | volumen |
| Carrier type code | nc |
| 490 0# - SERIES STATEMENT | |
| Series statement | Verdad e Imagen ; |
| Volume/sequential designation | 171 |
| 600 ## - SUBJECT ADDED ENTRY--PERSONAL NAME | |
| Personal name | Dios |
| General subdivision | Historia de las doctrinas |
| 600 ## - SUBJECT ADDED ENTRY--PERSONAL NAME | |
| Personal name | Dios |
| General subdivision | Prueba |
| 600 ## - SUBJECT ADDED ENTRY--PERSONAL NAME | |
| Personal name | Dios (Teoría del conocimiento) |
| 650 #7 - SUBJECT ADDED ENTRY--TOPICAL TERM | |
| Source of heading or term | armarc |
| Topical term or geographic name entry element | Teología filosófica |
| 700 1# - ADDED ENTRY--PERSONAL NAME | |
| Personal name | Ruiz-Garrido, Constantino, |
| Relator term | traductor |
| 765 0# - ORIGINAL LANGUAGE ENTRY | |
| Main entry heading | Coreth, Emerich, |
| Title | Gott im philsophischen Denken |
| 942 ## - ADDED ENTRY ELEMENTS (KOHA) | |
| Source of classification or shelving scheme | Dewey Decimal Classification |
| Koha item type | Libro |
| Classification part | 231.042 |
| Item part | C7818 |
| Withdrawn status | Lost status | Source of classification or shelving scheme | Damaged status | Not for loan | Collection code | Home library | Current library | Shelving location | Date acquired | Source of acquisition | Total Checkouts | Full call number | Barcode | Date last seen | Price effective from | Koha item type |
|---|---|---|---|---|---|---|---|---|---|---|---|---|---|---|---|---|
| Dewey Decimal Classification | General | Centro de Estudios en Ciencia y Religión | Centro de Estudios en Ciencia y Religión | Sala general | 03/12/2013 | Compra | 231.042 C7818 2006 | 45080 | 05/01/2026 | 03/12/2013 | Libro |